Eucaristía y nueva evangelización

Saved in:
Bibliographic Details
Main Author: Borobio Garcia, Dionisio (Author)
Format: Book
Language:Spanish
Published: Bilbao Desclée de Brouwer 1992
Subjects:
Tags: Add Tag
No Tags, Be the first to tag this record!

MARC

LEADER 00000nam a2200000 a 4500
001 UCX6474
003 CL-VaPUC
008 930618e19920000SP |||||||||||||||||spa|d
082 0 4 |a 266  |b BOR  |2 21 
100 |a Borobio Garcia, Dionisio  |e author  |9 325690 
245 1 0 |a Eucaristía y nueva evangelización 
300 |a 186 p 
942 |c BK 
945 |d 19930618 00:00:00 
260 |a Bilbao  |b Desclée de Brouwer  |c 1992 
650 0 |a Eucaristía  |9 257336 
650 7 |a EVANGELIZACION  |2 CL-VaPUC  |9 322958 
583 |a last modification  |c 19930618 00:00:00  |k Rodrigo Vera 
999 |c 226484  |d 226482 
952 |0 0  |1 0  |4 0  |6 266_000000000000000_BOR_1992  |7 0  |8 A  |9 224875  |a BIBTEO  |b BIBTEO  |d 2019-11-15  |i 2935988  |o 266 BOR 1992  |p 2935988  |r 2025-01-17  |w 2019-11-15  |y BK  |k ICR